000
00255nam a2200097Ia 4500
001
784427
005
20250826170241.0
008
250824s9999 xx 000 0 und d
245
0
_a
KUYUDAKİ ÇOCUK
_c
AHMET YILMAZ BOYUNAĞA
260
_b
GENÇ TİMAŞ YAYINLARI
999
_c
784427
_d
784427